| 000 | 01812cam a2200409 a 4500 | ||
|---|---|---|---|
| 001 | 8739 | ||
| 003 | FISKH | ||
| 005 | 20251016140815.0 | ||
| 008 | 000202s1999 si ab b 001 0beng | ||
| 010 | _a 99912809 | ||
| 020 | _a9812180745 | ||
| 020 | _a9789812180742 | ||
| 035 | _a11929531 | ||
| 035 | _a(DLC) 99912809 | ||
| 037 |
_bLibrary of Congress -- Jakarta Overseas Office _cS[dollar]27.95 |
||
| 040 |
_aDLC _cDLC _dDLC _beng |
||
| 050 | 0 | 0 |
_aDS554.83.H86 _bM44 1999 |
| 082 | 0 | 0 |
_a959.604/2/092 _aB _221 |
| 100 | 1 | _aMehta, Harish C. | |
| 245 | 1 | 0 |
_aHun Sen : _bstrongman of Cambodia / _cHarish C. Mehta and Julie B. Mehta. |
| 246 | 3 | 0 | _aStrongman of Cambodia |
| 260 |
_aGraham Bras : _bGraham Brash, _c1999. |
||
| 300 |
_a287 pages : _bcolor illustrations ; maps ; _c21 cm |
||
| 336 |
_atext _btxt _2rdacontent |
||
| 337 |
_aunmediated _bn _2rdamedia |
||
| 338 |
_avolume _bnc _2rdacarrier |
||
| 504 | _aIncludes bibliographical references (p. 269-280) and index. | ||
| 520 | _aThis is the first biography of a leader whose private life has until now been a closely guarded secret. But it is much more than an account of the life of Hun Sen -- it tells through his eyes the story of the emergence through slaughter of an innocent people. Essential reading for all those who are intrigued and bewildered by the complex recent history of Cambodia, and by the rapid rise of its new leader from obscurity to strongman status. | ||
| 600 | 0 | 0 | _aH'un Saen. |
| 650 | 0 |
_aPrime ministers _zCambodia _vBiography. |
|
| 651 | 0 |
_aCambodia _xPolitics and government _y1975- |
|
| 655 | 7 |
_aBiographies. _2lcgft _0https://id.loc.gov/authorities/genreForms/gf2014026049 |
|
| 700 | 1 |
_aMehta, Julie B. _eAuthor |
|
| 906 |
_a7 _bcbc _corigode _d3 _encip _f19 _gy-gencatlg |
||
| 942 |
_2ddc _cBK _n0 |
||
| 999 |
_c8739 _d8739 |
||